[Event "AUT-chT 9697"]
[Site "Austria"]
[Date "1997.??.??"]
[Round "7"]
[White "Kraschl, Joerg"]
[Black "Feistenauer, Fred"]
[Result "0-1"]
[WhiteElo "2340"]
[BlackElo "2330"]
[PlyCount "96"]
[EventDate "1996.??.??"]
[EventType "team"]
[EventRounds "11"]
[EventCountry "AUT"]
[SourceTitle "CBM 057 Extra"]
[Source "ChessBase"]
[SourceDate "1997.05.01"]
[SourceVersion "1"]
[SourceVersionDate "1997.05.01"]
[SourceQuality "1"]

1. c4 Nc6 2. Nc3 e5 3. g3 f5 4. Bg2 Nf6 5. d3 g6 6. e4 d6 7. Nge2 Bg7 8. 0-0 0-0 9. Nd5 h6 10. h3 Be6 11. Be3 Qd7 12. Kh2 Kh7 13. Qd2 Rae8 14. Rac1 Nh5 15. f4 Nd8 16. b3 Bg8 17. exf5 gxf5 18. d4 e4 19. Ndc3 c6 20. d5 c5 21. a3 Nf6 22. b4 b6 23. Rb1 Bf7 24. Nb5 Bh5 25. Nc1 Nf7 26. Rf2 Rg8 27. Bf1 Bh8 28. Be2 Bxe2 29. Nxe2 h5 30. Rg2 Nh6 31. Nbc3 Rg6 32. Nd1 Reg8 33. Nf2 h4 34. Rbg1 Nh5 35. gxh4 Rxg2+ 36. Rxg2 Rxg2+ 37. Kxg2 Bf6 38. Nd1 Bxh4 39. Bf2 Qe7 40. Bxh4 Qxh4 41. Ndc3 Nf7 42. Nb5 a6 43. Nc7 Ng5 44. fxg5 f4 45. Ne6 f3+ 46. Kg1 e3 47. Qd3+ Kh8 48. N2f4 Qf2+ 0-1

[Event "AUT-chT 9697"]
[Site "Austria"]
[Date "1997.??.??"]
[Round "8"]
[White "Weiss, Christian"]
[Black "Kraschl, Joerg"]
[Result "1-0"]
[WhiteElo "2315"]
[BlackElo "2340"]
[PlyCount "45"]
[EventDate "1996.??.??"]
[EventType "team"]
[EventRounds "11"]
[EventCountry "AUT"]
[SourceTitle "CBM 057 Extra"]
[Source "ChessBase"]
[SourceDate "1997.05.01"]
[SourceVersion "1"]
[SourceVersionDate "1997.05.01"]
[SourceQuality "1"]

1. d4 g6 2. e4 Bg7 3. Nc3 d6 4. Be3 c6 5. Qd2 Nd7 6. 0-0-0 b5 7. f3 Qa5 8. Kb1 Rb8 9. Nce2 Qxd2 10. Rxd2 a6 11. g4 h5 12. g5 e5 13. dxe5 dxe5 14. Bh3 Ne7 15. Nc1 Nf8 16. Nb3 Ne6 17. Nc5 Nxc5 18. Bxc5 f6 19. Bxc8 Nxc8 20. Nh3 Bf8 21. Rhd1 Bxc5 22. Rd8+ Ke7 23. Rxh8 1-0

[Event "EU-Cup 12th Group1"]
[Site "Kranevo"]
[Date "1996.10.11"]
[Round "1"]
[White "Kraschl, Joerg"]
[Black "Stavrev, Nikolai"]
[Result "1-0"]
[WhiteElo "2335"]
[BlackElo "2325"]
[PlyCount "63"]
[EventDate "1996.10.13"]
[EventType "team-k.o."]
[EventRounds "3"]
[EventCountry "BUL"]
[SourceTitle "EXT 2020"]
[Source "ChessBase"]
[SourceDate "2019.10.17"]
[SourceVersion "1"]
[SourceVersionDate "2019.10.17"]
[SourceQuality "1"]
[WhiteTeam "Salzburg Inter"]
[BlackTeam "Sofia Slavia"]
[WhiteTeamCountry "AUT"]
[BlackTeamCountry "BUL"]

1. c4 e6 2. Nf3 Nf6 3. g3 d5 4. b3 a5 5. Nc3 Nc6 6. Bg2 d4 7. Nb5 e5 8. d3 Bb4+ 9. Bd2 Qe7 10. 0-0 Bxd2 11. Qxd2 Nb8 12. Qg5 c6 13. Nc7+ Qxc7 14. Qxg7 Rg8 15. Qxf6 Nd7 16. Qf5 Rg6 17. Rfe1 f6 18. Qh5 Nc5 19. h3 Kf8 20. Nxd4 Qg7 21. Nf5 Bxf5 22. Qxf5 Rd8 23. Rad1 Rg5 24. Qf3 Ne6 25. e3 Kg8 26. h4 Rg6 27. Bh3 Nc5 28. Bf5 Rh6 29. d4 exd4 30. exd4 Na6 31. Re4 Nb4 32. Rg4 1-0

[Event "AUT-chT 9596"]
[Site "Austria"]
[Date "1996.??.??"]
[Round "?"]
[White "Kraschl, Joerg"]
[Black "Hoelzl, Franz"]
[Result "1/2-1/2"]
[WhiteElo "2360"]
[BlackElo "2430"]
[PlyCount "52"]
[EventDate "1995.??.??"]
[EventType "team"]
[EventRounds "11"]
[EventCountry "AUT"]
[SourceTitle "CBM 052 Extra"]
[Source "ChessBase"]
[SourceDate "1996.07.01"]
[SourceVersion "1"]
[SourceVersionDate "1996.07.01"]
[SourceQuality "1"]

1. Nf3 d6 2. c4 Bg4 3. d4 Bxf3 4. exf3 c6 5. Nc3 Nf6 6. d5 g6 7. Bd3 Bg7 8. 0-0 0-0 9. Re1 Re8 10. f4 e6 11. Be3 Nbd7 12. Be2 exd5 13. cxd5 Nb6 14. dxc6 bxc6 15. Rc1 Qd7 16. b3 d5 17. Qd3 Ng4 18. Bc5 Nh6 19. b4 Qf5 20. Red1 Nd7 21. Be3 a6 22. h3 Qxd3 23. Rxd3 Re6 24. g4 Bf8 25. a3 a5 26. Rb1 axb4 1/2-1/2

[Event "AUT-chT 9697"]
[Site "Austria"]
[Date "1996.??.??"]
[Round "5"]
[White "Penz, Harald"]
[Black "Kraschl, Joerg"]
[Result "1-0"]
[WhiteElo "2340"]
[BlackElo "2335"]
[PlyCount "47"]
[EventDate "1996.??.??"]
[EventType "team"]
[EventRounds "11"]
[EventCountry "AUT"]
[SourceTitle "CBM 057 Extra"]
[Source "ChessBase"]
[SourceDate "1997.05.01"]
[SourceVersion "1"]
[SourceVersionDate "1997.05.01"]
[SourceQuality "1"]

1. e4 c5 2. Nf3 e6 3. c3 d5 4. exd5 Qxd5 5. d4 Nf6 6. Na3 cxd4 7. Nb5 Na6 8. Nbxd4 Be7 9. Bxa6 bxa6 10. 0-0 0-0 11. b3 e5 12. c4 Qa5 13. Nc6 Qc7 14. Nxe7+ Qxe7 15. Re1 e4 16. Bb2 Bb7 17. Ng5 Rfe8 18. Qd4 Qc7 19. f3 exf3 20. Nxf3 Bxf3 21. gxf3 Qc6 22. Kf2 Rad8 23. Rxe8+ Nxe8 24. Qxd8 1-0

[Event "AUT-chT 9596"]
[Site "Austria"]
[Date "1996.??.??"]
[Round "?"]
[White "Wittmann, Walter"]
[Black "Kraschl, Joerg"]
[Result "1-0"]
[WhiteElo "2365"]
[BlackElo "2360"]
[PlyCount "133"]
[EventDate "1995.??.??"]
[EventType "team"]
[EventRounds "11"]
[EventCountry "AUT"]
[SourceTitle "CBM 052 Extra"]
[Source "ChessBase"]
[SourceDate "1996.07.01"]
[SourceVersion "1"]
[SourceVersionDate "1996.07.01"]
[SourceQuality "1"]

1. e4 c5 2. Nc3 d6 3. g3 Nc6 4. Bg2 g6 5. d3 Bg7 6. Nge2 e5 7. h4 Nd4 8. Nxd4 cxd4 9. Nd5 Be6 10. c4 dxc3 11. bxc3 Bxd5 12. exd5 Qa5 13. 0-0 Ne7 14. Qb3 Qa6 15. Rb1 Rb8 16. Rd1 0-0 17. a4 b6 18. Ba3 Rfd8 19. Bh3 Qb7 20. c4 Qc7 21. Re1 Bf6 22. Qd1 Kg7 23. Qf3 Ng8 24. Bb4 h5 25. Rec1 Kh7 26. Bd2 Bg7 27. Re1 Bh6 28. Bc3 Bg7 29. Qe2 Re8 30. Qa2 f5 31. Bb4 Nf6 32. Qa3 Bf8 33. Rbc1 Nd7 34. a5 Nc5 35. Bf1 Rb7 36. axb6 Qxb6 37. Bxc5 Qxc5 38. Qxc5 dxc5 39. Ra1 Bd6 40. Ra6 Rd8 41. Rea1 Rdd7 42. Rc6 Rb6 43. Rxa7 Rxa7 44. Rxb6 Bf8 45. Rc6 Rd7 46. Be2 Bd6 47. Bd1 Kg7 48. Ba4 Rd8 49. Kg2 Kf7 50. Ra6 Be7 51. Ra7 Kf6 52. Kf3 Bd6 53. Bd7 Rb8 54. Bb5 Rd8 55. Bd7 Rb8 56. Ra6 Ke7 57. Bb5 Rb7 58. Ke3 Rc7 59. f4 exf4+ 60. gxf4 Rb7 61. d4 Rc7 62. Kd3 cxd4 63. Kxd4 Bxf4 64. c5 Rb7 65. d6+ Kf6 66. d7+ Ke7 67. Re6+ 1-0

[Event "Werfen op-A"]
[Site "Werfen"]
[Date "1995.??.??"]
[Round "5"]
[White "Hertneck, Gerald"]
[Black "Kraschl, Joerg"]
[Result "1-0"]
[WhiteElo "2570"]
[BlackElo "2320"]
[PlyCount "113"]
[EventDate "1995.09.??"]
[EventType "swiss"]
[EventRounds "9"]
[EventCountry "AUT"]
[SourceTitle "EXT 1997"]
[Source "ChessBase"]
[SourceDate "1996.11.15"]
[SourceVersion "1"]
[SourceVersionDate "1996.11.15"]
[SourceQuality "1"]

1. d4 Nf6 2. c4 g6 3. Nc3 Bg7 4. e4 d6 5. Nf3 0-0 6. Be2 e5 7. Be3 c6 8. 0-0 exd4 9. Bxd4 Re8 10. Qc2 Qe7 11. Rfe1 c5 12. Nd5 Nxd5 13. Bxg7 Kxg7 14. exd5 Qf6 15. Bd3 Bd7 16. Nd2 Na6 17. a3 Rxe1+ 18. Rxe1 Re8 19. Rxe8 Bxe8 20. Ne4 Qe7 21. Qc3+ f6 22. g4 Nb8 23. g5 Nd7 24. Bc2 Kf7 25. Qg3 fxg5 26. Qxd6 Ne5 27. b3 b5 28. Qxe7+ Kxe7 29. cxb5 Nf3+ 30. Kh1 Nd4 31. Bd1 Nxb5 32. a4 Nd4 33. Nxg5 Kd6 34. Ne4+ Ke5 35. Nxc5 Kxd5 36. Nd3 Bf7 37. Kg2 a5 38. Kg3 Kd6 39. b4 axb4 40. Nxb4 Kc5 41. Nd3+ Kd6 42. Kf4 Bc4 43. Nb2 Ne6+ 44. Ke3 Ba6 45. Bb3 Nc5 46. Bg8 h6 47. Kd4 g5 48. Bc4 Bb7 49. a5 Ba8 50. Nd3 Ne4 51. a6 Nf6 52. Ne5 h5 53. Nf7+ Ke7 54. Nxg5 Ng4 55. Be2 Nxf2 56. Bxh5 Kd6 57. Ke3 1-0

[Event "EU-ch U18"]
[Site "Zagan"]
[Date "1995.??.??"]
[Round "1"]
[White "Krakops, Maris"]
[Black "Kraschl, Joerg"]
[Result "1-0"]
[WhiteElo "2525"]
[BlackElo "2320"]
[PlyCount "41"]
[EventDate "1995.??.??"]
[EventType "swiss"]
[EventRounds "11"]
[EventCountry "POL"]
[SourceTitle "EXT 1997"]
[Source "ChessBase"]
[SourceDate "1996.11.15"]
[SourceVersion "1"]
[SourceVersionDate "1996.11.15"]
[SourceQuality "1"]

1. e4 c5 2. Nf3 d6 3. d4 cxd4 4. Nxd4 Nf6 5. Nc3 e6 6. Bg5 Be7 7. Qd2 a6 8. 0-0-0 b5 9. Bd3 Bb7 10. Rhe1 b4 11. Nce2 Qa5 12. Kb1 Nxe4 13. Bxe4 Bxg5 14. Qd3 d5 15. Bxh7 Nd7 16. Nxe6 fxe6 17. Qg6+ Kf8 18. Nd4 Nc5 19. Qxg5 Rxh7 20. Nxe6+ Nxe6 21. Qf5+ 1-0

[Event "AUT-chT 9495"]
[Site "Austria"]
[Date "1995.??.??"]
[Round "?"]
[White "Kraschl, Joerg"]
[Black "Cigan, Stefan"]
[Result "1/2-1/2"]
[WhiteElo "2280"]
[BlackElo "2365"]
[PlyCount "68"]
[EventDate "1994.??.??"]
[EventType "team"]
[EventRounds "11"]
[EventCountry "AUT"]
[SourceTitle "CBM 045 Extra"]
[Source "ChessBase"]
[SourceDate "1995.05.01"]
[SourceVersion "1"]
[SourceVersionDate "1995.05.01"]
[SourceQuality "1"]

1. c4 g6 2. g3 Bg7 3. Bg2 Nf6 4. Nf3 0-0 5. 0-0 d5 6. cxd5 Nxd5 7. Nc3 c5 8. Nxd5 Qxd5 9. d4 cxd4 10. Be3 Bf5 11. Nxd4 Be4 12. f3 Bxd4 13. Bxd4 Nc6 14. Bf2 Qxd1 15. Rfxd1 Bf5 16. Rd2 Rfd8 17. Rad1 Rxd2 18. Rxd2 Rc8 19. e4 Be6 20. b3 f6 21. f4 b6 22. Bf3 Nb4 23. Kg2 Rc1 24. Bd4 Nc2 25. Bb2 Ne1+ 26. Kf2 Nd3+ 27. Ke3 Nxb2 28. Rxb2 Rc3+ 29. Kf2 Kf7 30. Bd1 Rd3 31. Be2 Rc3 32. Bd1 Rd3 33. Be2 Rc3 34. Bd1 Rd3 1/2-1/2

[Event "Oberwart op"]
[Site "Oberwart"]
[Date "1995.??.??"]
[Round "8"]
[White "Kraschl, Joerg"]
[Black "Kozul, Zdenko"]
[Result "0-1"]
[WhiteElo "2280"]
[BlackElo "2570"]
[PlyCount "144"]
[EventDate "1995.07.??"]
[EventType "swiss"]
[EventRounds "9"]
[EventCountry "AUT"]
[SourceTitle "EXT 2001"]
[Source "ChessBase"]
[SourceDate "2000.11.22"]
[SourceVersion "1"]
[SourceVersionDate "2000.11.22"]
[SourceQuality "1"]

1. c4 g6 2. Nf3 Bg7 3. Nc3 d6 4. d4 Bg4 5. e3 c5 6. dxc5 Bxc3+ 7. bxc3 dxc5 8. Qxd8+ Kxd8 9. Nd2 Nf6 10. a4 Nc6 11. a5 Kc7 12. Nb3 b6 13. f3 Bd7 14. e4 Rhb8 15. Be2 e5 16. 0-0 Be6 17. Be3 Ne8 18. Ra4 Rd8 19. Rfa1 Rab8 20. Kf2 Nd6 21. Ke1 Rg8 22. Bf2 g5 23. axb6+ axb6 24. Nd2 g4 25. Bg3 gxf3 26. gxf3 Kb7 27. Nf1 f6 28. Ne3 Na5 29. Nd5 Bxd5 30. cxd5 Ra8 31. Kf2 c4 32. Bh4 Rae8 33. Rg1 Rxg1 34. Kxg1 f5 35. exf5 Nxf5 36. Bf2 e4 37. fxe4 Rxe4 38. Bf3 Rf4 39. Bg2 Ka6 40. Ra1 Nd6 41. Re1 Rf7 42. Re6 Nab7 43. Bg3 Rd7 44. Bh3 b5 45. Rh6 Rd8 46. Bf5 Ka5 47. Bxh7 Ka4 48. Re6 Kb3 49. Re3 Ne8 50. Bh4 Rxd5 51. Rxe8 Rh5 52. Be7 Rxh7 53. Bb4 Rd7 54. Rb8 Nd6 55. Kg2 Ne4 56. Rxb5 Nxc3 57. Bxc3+ Kxc3 58. Rc5 Kd3 59. Kg3 c3 60. Kg4 Rd4+ 61. Kg5 Rc4 62. Rd5+ Ke2 63. Ra5 c2 64. Ra1 c1Q+ 65. Rxc1 Rxc1 66. h4 Kf3 67. h5 Rc5+ 68. Kg6 Kg4 69. h6 Rc6+ 70. Kg7 Kg5 71. h7 Rc7+ 72. Kg8 Kg6 0-1

[Event "Oberwart op"]
[Site "Oberwart"]
[Date "1995.??.??"]
[Round "3"]
[White "Kruppa, Yuri"]
[Black "Kraschl, Joerg"]
[Result "1/2-1/2"]
[WhiteElo "2555"]
[BlackElo "2280"]
[PlyCount "71"]
[EventDate "1995.07.??"]
[EventType "swiss"]
[EventRounds "9"]
[EventCountry "AUT"]
[SourceTitle "EXT 2001"]
[Source "ChessBase"]
[SourceDate "2000.11.22"]
[SourceVersion "1"]
[SourceVersionDate "2000.11.22"]
[SourceQuality "1"]

1. e4 c5 2. Nf3 d6 3. d4 cxd4 4. Nxd4 Nf6 5. Nc3 e6 6. g4 h6 7. h4 Be7 8. Bg2 Nc6 9. g5 hxg5 10. hxg5 Rxh1+ 11. Bxh1 Nh7 12. f4 g6 13. Qd2 e5 14. Nf3 exf4 15. Qxf4 Be6 16. Qh2 Nf8 17. Bf4 Qa5 18. a3 Ne5 19. 0-0-0 Nc4 20. Nd5 Bxd5 21. Rxd5 Qb6 22. b3 Nxa3 23. Bxd6 Rc8 24. Nd4 Bxd6 25. Rxd6 Qa5 26. Rd5 Qe1+ 27. Kb2 Qc3+ 28. Kxa3 Qa1+ 29. Kb4 Qc3+ 30. Ka4 Nd7 31. Re5+ Nxe5 32. Qxe5+ Kf8 33. Qh8+ Ke7 34. Qf6+ Ke8 35. Qe5+ Kf8 36. Qh8+ 1/2-1/2

[Event "Oberwart op"]
[Site "Oberwart"]
[Date "1995.??.??"]
[Round "9"]
[White "Kuthan, Andreas"]
[Black "Kraschl, Joerg"]
[Result "0-1"]
[WhiteElo "2205"]
[BlackElo "2280"]
[PlyCount "78"]
[EventDate "1995.07.??"]
[EventType "swiss"]
[EventRounds "9"]
[EventCountry "AUT"]
[SourceTitle "EXT 2001"]
[Source "ChessBase"]
[SourceDate "2000.11.22"]
[SourceVersion "1"]
[SourceVersionDate "2000.11.22"]
[SourceQuality "1"]

1. e4 c5 2. c3 d5 3. exd5 Qxd5 4. d4 cxd4 5. cxd4 g6 6. Nc3 Qa5 7. Bc4 Nf6 8. Qb3 e6 9. Nf3 Bg7 10. 0-0 0-0 11. Bd2 Nbd7 12. Nb5 Qd8 13. Bb4 a6 14. Bxf8 Qxf8 15. Nc7 Ra7 16. Bxe6 h6 17. Bxd7 Nxd7 18. Rfe1 b5 19. Re8 Rxc7 20. Rxf8+ Nxf8 21. h3 Bb7 22. Ne5 Ne6 23. Qe3 Re7 24. Rc1 Nxd4 25. Qxd4 Rxe5 26. Qf4 Bd5 27. b3 Re2 28. a4 Kh7 29. axb5 axb5 30. Qb4 Be6 31. Qxb5 Rb2 32. b4 Bd4 33. Rf1 Bc3 34. Qd3 Bxb4 35. Qd4 Rb3 36. Rc1 Ba5 37. Qf6 Rd3 38. Ra1 Bc3 39. Ra3 Rd1+ 0-1

[Event "AUT-chT 9495"]
[Site "Austria"]
[Date "1995.??.??"]
[Round "?"]
[White "Lenz, Alarich"]
[Black "Kraschl, Joerg"]
[Result "0-1"]
[WhiteElo "2220"]
[BlackElo "2280"]
[PlyCount "70"]
[EventDate "1994.??.??"]
[EventType "team"]
[EventRounds "11"]
[EventCountry "AUT"]
[SourceTitle "CBM 045 Extra"]
[Source "ChessBase"]
[SourceDate "1995.05.01"]
[SourceVersion "1"]
[SourceVersionDate "1995.05.01"]
[SourceQuality "1"]

1. e4 c5 2. Nf3 d6 3. g3 Nc6 4. Bg2 g6 5. d4 cxd4 6. Nxd4 Bg7 7. Ne2 Nf6 8. Nbc3 0-0 9. 0-0 Rb8 10. a4 a6 11. Nd5 Nd7 12. c3 b5 13. Nd4 Nxd4 14. cxd4 bxa4 15. Rxa4 Nb6 16. Rb4 Bd7 17. Nxb6 Rxb6 18. Bd2 Bb5 19. Qb3 Bxd4 20. Rxd4 Bxf1 21. Qd1 Bxg2 22. Ba5 Qb8 23. Bxb6 Qxb6 24. Kxg2 Qxb2 25. Ra4 Qb5 26. Qa1 Ra8 27. h4 a5 28. Rd4 a4 29. h5 Qxh5 30. Rxa4 Rxa4 31. Qxa4 Qe5 32. f4 Qb2+ 33. Kh3 Kg7 34. Qd7 Qf6 35. Qb7 e5 0-1

[Event "EU-ch U18"]
[Site "Zagan"]
[Date "1995.??.??"]
[Round "8"]
[White "Martin, David"]
[Black "Kraschl, Joerg"]
[Result "1/2-1/2"]
[WhiteElo "2180"]
[BlackElo "2320"]
[PlyCount "35"]
[EventDate "1995.??.??"]
[EventType "swiss"]
[EventRounds "11"]
[EventCountry "POL"]
[SourceTitle "EXT 1997"]
[Source "ChessBase"]
[SourceDate "1996.11.15"]
[SourceVersion "1"]
[SourceVersionDate "1996.11.15"]
[SourceQuality "1"]

1. d4 Nf6 2. c4 g6 3. Nc3 Bg7 4. e4 d6 5. Be2 0-0 6. Nf3 e5 7. 0-0 Nc6 8. d5 Ne7 9. Ne1 Nd7 10. f3 f5 11. g4 Kh8 12. Ng2 Ng8 13. Be3 Rf7 14. h4 Bf8 15. Rc1 Bh6 16. Bxh6 Nxh6 17. b4 Ng8 18. Qd2 1/2-1/2

[Event "Budapest Statistika"]
[Site "Budapest"]
[Date "1995.??.??"]
[Round "10"]
[White "Petran, Pal"]
[Black "Kraschl, Joerg"]
[Result "1/2-1/2"]
[WhiteElo "2420"]
[BlackElo "2320"]
[PlyCount "147"]
[EventDate "1995.??.??"]
[EventType "tourn"]
[EventRounds "11"]
[EventCountry "HUN"]
[EventCategory "4"]
[SourceTitle "EXT 1999"]
[Source "ChessBase"]
[SourceDate "1998.11.16"]
[SourceVersion "1"]
[SourceVersionDate "1998.11.16"]
[SourceQuality "1"]

1. d4 Nf6 2. c4 g6 3. Nc3 Bg7 4. e4 d6 5. h3 0-0 6. Bg5 c5 7. d5 e6 8. Bd3 exd5 9. exd5 Re8+ 10. Nge2 Nbd7 11. 0-0 Ne5 12. Ng3 h6 13. Bf4 Nh7 14. Nge2 a6 15. a4 Ng5 16. Bxe5 dxe5 17. f3 f5 18. f4 Nf7 19. a5 e4 20. Bc2 g5 21. Qe1 Nd6 22. b3 Bd7 23. Ra2 Kh8 24. Kh1 Rg8 25. Qf2 Rc8 26. Nd1 Qe7 27. Ne3 Bd4 28. Bd1 Qg7 29. Kh2 Rc7 30. g3 Bc8 31. Rg1 Qf6 32. Rd2 Rcg7 33. Bc2 Rg6 34. Rdd1 Qg7 35. Bb1 Bd7 36. Rg2 Kh7 37. Rgg1 Kh8 38. Rg2 Qf6 39. Rgg1 R6g7 40. Rdf1 Rh7 41. Rd1 Rf7 42. Ba2 Rgf8 43. Bb1 Rg7 44. Rdf1 Be8 45. Nxd4 cxd4 46. Nc2 d3 47. Nd4 Bd7 48. Qe3 Rg6 49. Rf2 Qg7 50. Rgf1 Rg8 51. Rg1 Nf7 52. Ne6 Bxe6 53. dxe6 Rxe6 54. Bxd3 gxf4 55. Rxf4 Re5 56. Be2 Rxa5 57. Rgf1 Qg5 58. h4 Qg6 59. Qc3+ Kh7 60. R1f2 Re5 61. Qe3 h5 62. Rg2 Nh6 63. Qd4 Rge8 64. Rgf2 e3 65. Rf1 R8e7 66. Kg2 Qc6+ 67. Bf3 Qe8 68. Re1 e2 69. Qd2 Rd7 70. Rd4 Rxd4 71. Qxd4 Ng4 72. Qd2 Ne3+ 73. Kf2 Nd1+ 74. Kg2 1/2-1/2

[Event "Werfen op-A"]
[Site "Werfen"]
[Date "1995.??.??"]
[Round "7"]
[White "Pinkus, Lutz"]
[Black "Kraschl, Joerg"]
[Result "0-1"]
[WhiteElo "2215"]
[BlackElo "2320"]
[PlyCount "64"]
[EventDate "1995.09.??"]
[EventType "swiss"]
[EventRounds "9"]
[EventCountry "AUT"]
[SourceTitle "EXT 1997"]
[Source "ChessBase"]
[SourceDate "1996.11.15"]
[SourceVersion "1"]
[SourceVersionDate "1996.11.15"]
[SourceQuality "1"]

1. e4 c5 2. c3 d5 3. exd5 Qxd5 4. d4 g6 5. dxc5 Qxc5 6. Be3 Qc7 7. Na3 a6 8. Qa4+ Nc6 9. Nf3 Bg7 10. Rd1 Bd7 11. Bf4 Qc8 12. Qb3 b5 13. Be2 Nf6 14. 0-0 0-0 15. Ne5 Nxe5 16. Bxe5 Bc6 17. Nc2 Qb7 18. f3 Nd5 19. Bxg7 Kxg7 20. c4 Nf4 21. Rfe1 Qa7+ 22. Qe3 Nxe2+ 23. Rxe2 bxc4 24. Nd4 Ba4 25. Rdd2 Rfe8 26. Kh1 Kg8 27. Qa3 Bb5 28. Qb4 c3 29. Qxc3 Bxe2 30. Nxe2 Rad8 31. Rxd8 Rxd8 32. h3 Qf2 0-1

[Event "Werfen op-A"]
[Site "Werfen"]
[Date "1995.??.??"]
[Round "9"]
[White "Womacka, Mathias"]
[Black "Kraschl, Joerg"]
[Result "1-0"]
[WhiteElo "2490"]
[BlackElo "2320"]
[PlyCount "91"]
[EventDate "1995.09.??"]
[EventType "swiss"]
[EventRounds "9"]
[EventCountry "AUT"]
[SourceTitle "EXT 1997"]
[Source "ChessBase"]
[SourceDate "1996.11.15"]
[SourceVersion "1"]
[SourceVersionDate "1996.11.15"]
[SourceQuality "1"]

1. e4 c5 2. Nf3 e6 3. d4 cxd4 4. Nxd4 Nf6 5. Nc3 d6 6. Be2 Be7 7. 0-0 0-0 8. f4 Nc6 9. Be3 Bd7 10. Nb3 a5 11. a4 Nb4 12. Bf3 e5 13. Rf2 Bc6 14. Rd2 exf4 15. Bxf4 Nd7 16. Bxd6 Bxd6 17. Rxd6 Qc7 18. Rd4 Ne5 19. Rc1 Rad8 20. Be2 Rxd4 21. Qxd4 b6 22. h3 Rd8 23. Qf2 Rd6 24. Nd4 Qd8 25. Rd1 Be8 26. Ndb5 Rxd1+ 27. Bxd1 Bxb5 28. axb5 g6 29. Nd5 Nxd5 30. Qd4 Qf6 31. Qxd5 Qf4 32. Qd4 Qf6 33. c3 h5 34. Be2 Kh7 35. Kh1 h4 36. c4 Qe7 37. Qxb6 Qb4 38. Qd4 Qe1+ 39. Kh2 Qg3+ 40. Kg1 g5 41. b6 Nc6 42. Qf2 Qe5 43. Qxf7+ Kh8 44. Qf8+ Kh7 45. Bg4 Qd4+ 46. Kh1 1-0

[Event "Hradec Kralove op"]
[Site "Hradec Kralove"]
[Date "1994.??.??"]
[Round "9"]
[White "Gdovin, Jan"]
[Black "Kraschl, Joerg"]
[Result "0-1"]
[WhiteElo "2265"]
[BlackElo "2230"]
[PlyCount "60"]
[EventDate "1994.??.??"]
[EventType "swiss"]
[EventRounds "9"]
[EventCountry "CZE"]
[SourceTitle "EXT 1999"]
[Source "ChessBase"]
[SourceDate "1998.11.16"]
[SourceVersion "1"]
[SourceVersionDate "1998.11.16"]
[SourceQuality "1"]

1. e4 c5 2. Nf3 e6 3. d4 cxd4 4. Nxd4 Nf6 5. Nc3 d6 6. Bc4 Be7 7. 0-0 0-0 8. Bb3 Na6 9. f4 Nc5 10. Qf3 a5 11. Be3 a4 12. Bc4 a3 13. bxa3 Nfd7 14. Ndb5 Nb6 15. Bb3 Bd7 16. Rad1 Qb8 17. f5 Ra5 18. Nd4 Bf6 19. a4 Ra6 20. Qg4 Qc8 21. fxe6 fxe6 22. Bh6 Bxd4+ 23. Rxd4 Rxf1+ 24. Kxf1 Qf8+ 25. Kg1 Nxb3 26. Rxd6 Nc5 27. e5 Nc8 28. Be3 Nxd6 29. exd6 Qxd6 30. Qb4 Nxa4 0-1

[Event "Werfen op-A"]
[Site "Werfen"]
[Date "1994.??.??"]
[Round "?"]
[White "Grabert, Ralf"]
[Black "Kraschl, Joerg"]
[Result "1/2-1/2"]
[WhiteElo "2220"]
[BlackElo "2210"]
[PlyCount "49"]
[EventDate "1994.08.??"]
[EventType "swiss"]
[EventRounds "9"]
[EventCountry "AUT"]
[SourceTitle "EXT 1998"]
[Source "ChessBase"]
[SourceDate "1997.11.17"]
[SourceVersion "1"]
[SourceVersionDate "1997.11.17"]
[SourceQuality "1"]

1. d4 Nf6 2. Nf3 g6 3. g3 Bg7 4. Bg2 0-0 5. 0-0 d6 6. b3 e5 7. dxe5 Ng4 8. Bb2 Nd7 9. Qd2 dxe5 10. Rd1 f6 11. Na3 Re8 12. e4 Bf8 13. Bh3 h5 14. Nh4 Kh7 15. Bxg4 hxg4 16. Qe2 Qe7 17. Qxg4 Qf7 18. Qe2 Nc5 19. Nf3 b6 20. Nc4 Ba6 21. Nfd2 Rad8 22. Qf3 Qe6 23. Ba3 Rd4 24. Bxc5 Bxc5 25. c3 1/2-1/2

[Event "Hradec Kralove op"]
[Site "Hradec Kralove"]
[Date "1994.??.??"]
[Round "6"]
[White "Kraschl, Joerg"]
[Black "Fuchs, Georg"]
[Result "1-0"]
[WhiteElo "2230"]
[BlackElo "1965"]
[PlyCount "95"]
[EventDate "1994.??.??"]
[EventType "swiss"]
[EventRounds "9"]
[EventCountry "CZE"]
[SourceTitle "EXT 1999"]
[Source "ChessBase"]
[SourceDate "1998.11.16"]
[SourceVersion "1"]
[SourceVersionDate "1998.11.16"]
[SourceQuality "1"]

1. Nf3 d5 2. g3 c5 3. Bg2 Nc6 4. 0-0 Nf6 5. d3 Bf5 6. Nbd2 e5 7. c3 Bd6 8. Re1 d4 9. Nc4 0-0 10. e4 dxe3 11. Bxe3 Ng4 12. Bg5 Qc7 13. h3 Nf6 14. Bxf6 gxf6 15. Nh4 Bg6 16. Be4 Ne7 17. Qf3 f5 18. Bxf5 b5 19. Ne3 Nxf5 20. Nhxf5 Qd7 21. h4 f6 22. h5 Bxf5 23. Nxf5 Rad8 24. Re4 Bb8 25. Rae1 Qxd3 26. Qg4+ Kf7 27. Qg7+ Ke6 28. Qe7+ Kd5 29. Qb7+ Ke6 30. Ng7+ Kd6 31. R4e3 Qd5 32. Qxb5 Ke7 33. Nf5+ Kf7 34. R3e2 e4 35. Ne3 Qxh5 36. Qb7+ Kg8 37. Qxe4 Kh8 38. Nf5 Rg8 39. Kg2 Be5 40. Rh1 Qg6 41. Rh6 Qf7 42. Re1 Rde8 43. Reh1 Bxg3 44. Rxh7+ Qxh7 45. Rxh7+ Kxh7 46. Ne7+ f5 47. Qxf5+ Kh6 48. Nxg8+ 1-0

[Event "AUT-ch"]
[Site "Austria"]
[Date "1994.??.??"]
[Round "7"]
[White "Kraschl, Joerg"]
[Black "Kwatschewsky, Leo"]
[Result "1-0"]
[WhiteElo "2210"]
[BlackElo "2260"]
[PlyCount "53"]
[EventDate "1994.??.??"]
[EventType "swiss"]
[EventRounds "9"]
[EventCountry "AUT"]
[SourceTitle "EXT 1999"]
[Source "ChessBase"]
[SourceDate "1998.11.16"]
[SourceVersion "1"]
[SourceVersionDate "1998.11.16"]
[SourceQuality "1"]

1. c4 c5 2. Nf3 Nc6 3. d4 cxd4 4. Nxd4 g6 5. g3 Bg7 6. Nc2 b6 7. Bg2 Bb7 8. 0-0 Na5 9. Bxb7 Nxb7 10. Ne3 e6 11. Qd2 h5 12. Nc3 Rc8 13. Rd1 Ne7 14. Rb1 Nf5 15. Nxf5 gxf5 16. b3 d5 17. Bb2 dxc4 18. Qf4 Qc7 19. Qxc7 Rxc7 20. Nb5 Rc5 21. Bxg7 Rg8 22. bxc4 Rxg7 23. Nxa7 Na5 24. Rxb6 Nxc4 25. Nc6 f6 26. Rb8+ Kf7 27. Nd8+ 1-0

[Event "Werfen op-A"]
[Site "Werfen"]
[Date "1994.??.??"]
[Round "?"]
[White "Kraschl, Joerg"]
[Black "Neckar, Lubomir"]
[Result "1-0"]
[WhiteElo "2210"]
[BlackElo "2360"]
[PlyCount "71"]
[EventDate "1994.08.??"]
[EventType "swiss"]
[EventRounds "9"]
[EventCountry "AUT"]
[SourceTitle "EXT 1998"]
[Source "ChessBase"]
[SourceDate "1997.11.17"]
[SourceVersion "1"]
[SourceVersionDate "1997.11.17"]
[SourceQuality "1"]

1. c4 e6 2. Nf3 d5 3. b3 Nf6 4. g3 Be7 5. Bg2 c5 6. Bb2 0-0 7. 0-0 Nc6 8. e3 Qa5 9. Qe2 Rd8 10. d3 Bd7 11. Nc3 Rac8 12. Rfd1 h6 13. a3 Be8 14. cxd5 exd5 15. d4 Ne4 16. Nxe4 dxe4 17. Ne5 cxd4 18. Nxc6 Bxc6 19. Bxd4 Qf5 20. Qb2 Bf8 21. Bf1 Rd6 22. Rac1 Rcd8 23. b4 Bb5 24. Bxb5 Qxb5 25. Rc7 Rb6 26. Rdc1 Qh5 27. h4 g5 28. Rc8 Rxc8 29. Rxc8 Qd1+ 30. Kh2 Rg6 31. Bf6 gxh4 32. Bxh4 Qd7 33. Rd8 Qe6 34. Qd4 Qf5 35. Kg1 h5 36. Be7 1-0